00425nam a2200133Ia 4500003000900000008004100009040001600050080001600066100001900082245010300101260006500204300000900269650001300278IN-BaIIA211028s9999 xx 000 0 eng d cIIA Library a521.81bSHY aShylaja, B. S. 0aGrahanaba book on eclipse (Kannada)cB. S. Shylaja  aBangalorebBangalore Association for Science Educationc1995 a83p. aEclipses